00508nam a2200133Ia 4500008004100000100002300041245005400064260006900118300001100187650001600198856006800214999001900282952007300301160712s9999 xx 000 0 und d aBolotaolo, Hammed. cHammed BolotaoloaThe Old Man and His False Teeth c2012bLikhaan: The Journal of Contemporary Philippine Literature avol. 6 xSHORT STORY uhttp://journals.upd.edu.ph/index.php/lik/issue/view/536/showToc c297487d297487 001040aCLbCLd2016-07-12l0r2016-07-12 00:00:00w2016-07-12yFEJ